2021 News Stories - Name the Country - Statistics

General Stats
  • This quiz has been taken 29,088 times
  • The average score is 11 of 16
Answer Stats
Event Country % Correct
U.S. forces hastily evacuate after a 20 year presence Afghanistan
95%
After a federal election, Justin Trudeau retains his place as Prime Minister Canada
87%
Hosts the "2020" Summer Olympics, but does not allow spectators Japan
85%
BTS, a boy band from this country, records two songs which reach #1 on the U.S. pop charts South Korea
84%
President Alexander Lukashenko threatens to flood the E.U. with Third World migrants Belarus
70%
Defeats England in the finals of the UEFA Euro championship Italy
70%
A military coup overthrows the democratically-elected government led by Aung San Suu Kyi Myanmar
70%
Resumes enriching uranium which could be used to make nuclear weapons Iran
69%
The most populous country to record zero Covid cases (at least according to official metrics) North Korea
68%
Where the Delta variant of Covid-19 started India
66%
Riots and looting after former President Jacob Zuma is imprisoned for contempt of court South Africa
66%
The Lira collapses when interest rates are kept low despite high inflation Turkey
59%
The first country to make Bitcoin legal tender El Salvador
55%
Celebrates "Freedom Day" on July 19 to celebrate the end of Covid restrictions, but then restarts Covid restrictions United Kingdom
50%
Evergrande, the second largest property developer, defaults on its loans China
47%
Foreign mercenaries assassinate President Jovenel Moïse Haiti
46%
No matching quizzes found
Score Distribution
Percent of People with Each Score
Percentile by Number Answered
Your Score History
You have not taken this quiz